Separácia bioaktívnych polyfenolických zlúčenín z extraktov bobuľového ovocia

Gespeichert in:
Bibliographische Detailangaben
1. Verfasser: Kuzma, Samuel (Verfasst von)
Weitere Verfasser: Antošová, Monika (Betreuung Doktorarbeit)
Format: Manuskript Buch
Sprache:Slowakisch
Veröffentlicht: 2024
Schlagworte:
Online-Zugang:http://is.stuba.sk/zp/portal_zp.pl?podrobnosti=176619
Tags: Tag hinzufügen
Keine Tags, Fügen Sie das erste Tag hinzu!

MARC

LEADER 00000ntm a22000003a 4500
001 stuzp99063
003 SK-STU
005 20240601210446.2
007 ta
008 150427s2015----xo-----f-mn---000-0-slo-d
040 |a STU  |b slo 
041 0 |a slo 
100 1 |a Kuzma, Samuel  |u 046230  |4 aut  |U FCHPT Ústav chemického a environmentálneho inžinierstva  |T FCHPT Oddelenie chemického a biochemického inžinierstva  |X 104304  |U C6230  |Y 119  |7 104304 
242 0 1 |a Separation of Bioactive Polyphenolic Compounds from Berry Fruit Extracts  |y eng 
245 1 0 |a Separácia bioaktívnych polyfenolických zlúčenín z extraktov bobuľového ovocia 
260 |c 2024 
650 4 |a rakytník  |2 slo 
650 4 |a arónia  |2 slo 
650 4 |a separácia  |2 slo 
650 4 |a chromatografia  |2 slo 
650 4 |a polyfenoly  |2 slo 
650 4 |a sea buckthorn  |2 eng 
650 4 |a separation  |2 eng 
650 4 |a polyphenols  |2 eng 
650 4 |a black chokeberry  |2 eng 
650 4 |a chromatography  |2 eng 
700 1 |a Antošová, Monika  |u 046230  |k Z1  |4 ths  |U FCHPT Ústav chemického a environmentálneho inžinierstva  |T FCHPT Oddelenie chemického a biochemického inžinierstva  |X 3930  |U C6230  |Y 119  |7 A000003930 
856 4 |u http://is.stuba.sk/zp/portal_zp.pl?podrobnosti=176619